Normal view
MARC view
Entry Topical Term
001 - CONTROL NUMBER
- control field: 28377
003 - CONTROL NUMBER IDENTIFIER
- control field: OSt
005 - DATE AND TIME OF LATEST TRANSACTION
- control field: 20230725091423.0
008 - FIXED-LENGTH DATA ELEMENTS
- fixed length control field: 230725|| aca||aabn | a|a d
040 ## - CATALOGING SOURCE
- Original cataloging agency: OSt
- Transcribing agency: OSt
150 ## - HEADING--TOPICAL TERM
- Topical term or geographic name entry element: စေတီပုထိုး
- Geographic subdivision: ဧရာဝတီတိုင်း။
670 ## - SOURCE DATA FOUND
- Source citation: Work cat.: (OSt): မြတ်မော်တင်နှင့် ပုသိမ်ဧရာတန်ခိုးကြီးဘုရားများလမ်းညွှန် /, ၁၉၈၄။